Vista normal Vista MARC
  • Luciani, Diego Sebastián

Entrada Personal Name

Número de registros utilizados en: 1

001 - CONTROL NUMBER

  • control field: 2101

003 - CONTROL NUMBER IDENTIFIER

  • control field: OSt

005 - DATE AND TIME OF LATEST TRANSACTION

  • control field: 20160122123933.0

008 - FIXED-LENGTH DATA ELEMENTS

  • fixed length control field: 160122|| aca||aabn | a|a d

040 ## - CATALOGING SOURCE

  • Original cataloging agency: OSt
  • Transcribing agency: OSt

100 ## - HEADING--PERSONAL NAME

  • Personal name: Luciani, Diego Sebastián

670 ## - SOURCE DATA FOUND

  • Source citation: Work cat.: (OSt): Luciani, Diego Sebastián, Trata de personas y otros delitos relacionados, 2015